00940nam a2200253 a 450000100060000000300080000600500170001400800410003103500190007204000330009104100080012408200240013224501400015626000380029630000170033450000180035150500840036965000480045365000390050170000430054070000310058370000390061470000330065362553BD-RjUL20211209081110.0170124s1945 enk 001 0 eng  a(BD-RjUL)62679 aDLCcMNSdPPiUdBD-RjULbeng aeng a810.9223bCAM 194514aThe Cambridge history of American literature /cedited by William Peterfield Trent ; John Erskine ; Stuart P. Sherman ; Carl Van Doren. aNew York :bMacmillan,c1917-1945 aV. ;c24 cm. aInclude index0 aVol. 3 Colonial and revolutionary literature. Early national literature: pt. I. 0aAmerican literaturexHistory and criticism. 0aAmerican literaturevBibliography.1 aTrent, William Peterfield,d1862-1939.1 aErskine, John,d1879-1951.1 aSherman, Stuart Pratt,d1881-1926.1 aVan Doren, Carl,d1885-1950.